000 00701nam a2200229 i 4500
001 29214
003 ES-MaACL
005 20230906154006.0
007 t|
008 030121s1981 sp ||||1| spa d
020 _a84-7166-430-5
100 1 _aBareau, André.
_925608
245 1 0 _aBuda /
_cAndré Bareau ; [traducción de Francisco López Castro].
260 _aMadrid :
_bEdaf,
_c1981.
300 _a313 p. ;
_c18 cm.
490 1 _aFilósofos de todos los tiempos ;
_v1
504 _aBibliografía : p. 310-313.
700 1 _aLópez Castro, Francisco.
_973501
830 0 _aFilósofos de todos los tiempos ;
_v1
_9181056
852 _aES-MaACL
_jL-10727
_bR.112335
999 _c29214
_d29214